Statistics for Letterboxd Top 250 Narrative Feature Films - Directors

Click here to take the quiz!

General Stats

  • This quiz has been taken 302 times
    (180 since last reset)
  • The average score is 121 of 250

Answer Stats

FilmDirector% Correct
221Raging BullMartin Scorsese
98%
172The DepartedMartin Scorsese
98%
218Taxi DriverMartin Scorsese
98%
19GoodFellasMartin Scorsese
98%
41Apocalypse NowFrancis Ford Coppola
97%
5The GodfatherFrancis Ford Coppola
97%
6The Godfather IIFrancis Ford Coppola
97%
88Pulp FictionQuentin Tarantino
97%
82Inglourious BasterdsQuentin Tarantino
97%
183Django UnchainedQuentin Tarantino
97%
113An Elephant Sitting StillHu Bo
96%
95InterstellarChristopher Nolan
95%
225InceptionChristopher Nolan
95%
14The Dark KnightChristopher Nolan
95%
21Schindler's ListSteven Spielberg
95%
240Saving Private RyanSteven Spielberg
95%
912001: A Space OdysseyStanley Kubrick
94%
137Dr Strangelove or How I Learned to Stop Worrying and Love the BombStanley Kubrick
94%
107The ShiningStanley Kubrick
94%
86Barry LyndonStanley Kubrick
94%
49Paths of GloryStanley Kubrick
94%
142The Grand Budapest HotelWes Anderson
94%
134Fantastic Mr. FoxWes Anderson
94%
31There Will Be BloodPaul Thomas Anderson
91%
83PsychoAlfred Hitchcock
89%
65Rear WindowAlfred Hitchcock
89%
208VertigoAlfred Hitchcock
89%
2ParasiteBong Joon-ho
89%
71Memories of MurderBong Joon-ho
89%
22The Lord of the Rings: The Return of the KingPeter Jackson
89%
54The Lord of the Rings: The Two TowersPeter Jackson
89%
55The Lord of the Rings: The Fellowship of the RingPeter Jackson
89%
133Red BeardAkira Kurosawa
88%
36RanAkira Kurosawa
88%
230Throne of BloodAkira Kurosawa
88%
9Seven SamuraiAkira Kurosawa
88%
153YojimboAkira Kurosawa
88%
26IkiruAkira Kurosawa
88%
12High and LowAkira Kurosawa
88%
78Fight ClubDavid Fincher
88%
87Se7enDavid Fincher
88%
50Princess MononokeHayao Miyazaki
85%
58Howl's Moving CastleHayao Miyazaki
85%
184My Neighbor TotoroHayao Miyazaki
85%
11Spirited AwayHayao Miyazaki
85%
185FargoJoel Coen
85%
98No Country for Old MenJoel Coen, Ethan Coen
85%
176Modern TimesCharlie Chaplin
83%
116City LightsCharlie Chaplin
83%
170The Great DictatorCharlie Chaplin
83%
207Once Upon a Time in AmericaSergio Leone
83%
85Once Upon a Time in the WestSergio Leone
83%
28The Good, the Bad and the UglySergio Leone
83%
187Star WarsGeorge Lucas
82%
77Scenes from a MarriageIngmar Bergman
80%
66Fanny and AlexanderIngmar Bergman
80%
99The Seventh SealIngmar Bergman
80%
132
Wild StrawberriesIngmar Bergman
80%
47Autumn SonataIngmar Bergman
80%
39PersonaIngmar Bergman
80%
27WhiplashDamien Chazelle
78%
192Mulholland DriveDavid Lynch
78%
174ChinatownRoman Polanski
78%
94The PianistRoman Polanski
78%
180Get OutJordan Peele
74%
104AlienRidley Scott
74%
90IncendiesDenis Villeneuve
73%
138PrisonersDenis Villeneuve
73%
167Terminator 2: Judgement DayJames Cameron
73%
249NetworkSidney Lumet
73%
812 Angry MenSidney Lumet
73%
152Dog Day AfternoonSidney Lumet
73%
92MirrorAndrei Tarkovsky
69%
243SolarisAndrei Tarkovsky
69%
148The SacrificeAndrei Tarkovsky
69%
33StalkerAndrei Tarkovsky
69%
186NostalgiaAndrei Tarkovsky
69%
44Andrei RublevAndrei Tarkovsky
69%
96Nights of CabiriaFederico Fellini
69%
115Federico Fellini
69%
163La Dolce VitaFederico Fellini
69%
51Do the Right ThingSpike Lee
69%
215Happy TogetherWong Kar-wai
68%
38In the Mood for LoveWong Kar-wai
68%
223HeatMichael Mann
67%
53Before SunriseRichard Linklater
67%
70Before SunsetRichard Linklater
67%
195Back to the FutureRobert Zemeckis
66%
10The Shawshank RedemptionFrank Darabont
65%
35The HandmaidenPark Chan-wook
63%
62OldboyPark Chan-wook
63%
203Fallen AngelsWong Kar-wai
63%
177Witness for the ProsecutionBilly Wilder
62%
250Some Like It HotBilly Wilder
62%
60The ApartmentBilly Wilder
62%
231Double IndemnityBilly Wilder
62%
40Sunset BoulevardBilly Wilder
62%
220MetropolisFritz Lang
62%
136MFritz Lang
62%
238Little WomenGreta Gerwig
61%
59The ThingJohn Carpenter
61%
20Everything Everywhere All at OnceDaniel Scheinert, Daniel Kwan
59%
67The Silence of the LambsJonathan Demme
55%
158AmadeusMilos Forman
54%
93One Flew Over the Cuckoo's NestMilos Forman
54%
48Paris, TexasWim Wenders
53%
151Wings of DesireWim Wenders
53%
166Children of MenAlfonso Cuarón
52%
74It's a Wonderful LifeFrank Capra
52%
123The 400 BlowsFrançois Truffaut
50%
118Life Is BeautifulRoberto Benigni
50%
46Tokyo StoryYasujiro Ozu
50%
112Late SpringYasujiro Ozu
50%
141Good Will HuntingGus Van Sant
48%
7The Human Condition III: A Soldier's PrayerMasaki Kobayashi
48%
45The Human Condition II: Road to EternityMasaki Kobayashi
48%
24The Human Condition I: No Greater LoveMasaki Kobayashi
48%
247Samurai RebellionMasaki Kobayashi
48%
4HarakiriMasaki Kobayashi
48%
200The Truman ShowPeter Weir
47%
140Dead Poets SocietyPeter Weir
47%
52SantangoBéla Tarr
46%
106Werckmeister HarmoniesBéla Tarr
46%
135Lawrence of ArabiaDavid Lean
46%
164Brief EncounterDavid Lean
46%
72A Woman Under the InfluenceJohn Cassavetes
46%
205Opening NightJohn Cassavetes
46%
117Sherlock, Jr.Buster Keaton
45%
226RatatouilleBrad Bird
44%
228The Iron GiantBrad Bird
44%
17Yi YiEdward Yang
44%
18A Brighter Summer DayEdward Yang
44%
1Come and SeeElem Klimov
43%
108Singin' in the RainGene Kelly, Stanley Donen
43%
25Potrait of a Lady on FireCéline Sciamma
41%
125Where Is My Friend's HouseAbbas Kiarostami
39%
234Life, and Nothing More...Abbas Kiarostami
39%
179Taste of CherryAbbas Kiarostami
39%
173MoonlightBarry Jenkins
38%
127Three Colors: RedKrzysztof Kieslowski
38%
146CasablancaMichael Curtiz
38%
144Eternal Sunshine of the Spotless MindMichel Gondry
38%
122MommyXavier Dolan
38%
57Apar SansarSatyajit Ray
36%
210The Big CitySatyajit Ray
36%
100Panther PanchaliSatyajit Ray
36%
189AparajitoSatyajit Ray
36%
130All That JazzBob Fosse
35%
139Young Girls of RochefortJacques Demy
35%
199The HuntThomas Vinterberg
35%
114AftersunCharlotte Wells
34%
30The Empire Strikes BackIrvin Kershner
34%
56Mishima: A Life in Four ChaptersPaul Schrader
33%
128Bicycle ThievesVittorio de Sica
33%
245
Umberto D.Vittorio de Sica
33%
103OrdetCarl Theodor Dreyer
32%
42The Passion of Joan ArcCarl Theodor Dreyer
32%
224The Treasure of the Sierra MadreJohn Huston
32%
29La HaineMathieu Kassovitz
32%
202The Life and Death of Colonel BlimpEmeric Pressburger, Michael Powell
31%
217A Matter of Life and DeathEmeric Pressburger, Michael Powell
31%
76The Red ShoesEmeric Pressburger, Michael Powell
31%
105Chungking ExpressWong Kar-wai
30%
198The Third ManCarol Reed
29%
16City of GodFernando Meirelles, Kátia Lund
29%
34Grave of the FirefliesIsao Takahata
29%
232The Tale of the Princess KaguyaIsao Takahata
29%
32Perfect BlueSatoshi Kon
29%
182ZCosta Gavras
28%
168RitualHideaki Anno
28%
149Evangelion 3.0+1.0 Thrice Upon a TimeHideaki Anno
28%
191La NotteMichelangelo Antonioni
28%
124A Man EscapedRobert Bresson
28%
162A Man EscapedRobert Bresson
28%
214Jeanne Dielman, 23, Quai du Commerce 1080 BruxellesChantal Akerman
27%
165The Night of the HunterCharles Laughton
27%
201ShopliftersHirokazu Kore-eda
27%
161Still WalkingHirokazu Kore-eda
27%
145
Nobody KnowsHirokazu Kore-eda
27%
150Paper MoonPeter Bogdanovich
27%
23Neon Genesis Evangelion: The End of EvangelionHideaki Anno, Kazuya Tsurumaki
24%
37Cinema ParadisoGiuseppe Tornatore
23%
129A SeparationAshgar Farhadi
22%
110All About EveJoseph L. Mankiewicz
22%
79Sansho the BailiffKenji Mizoguchi
22%
236UgetsuKenji Mizoguchi
22%
155Rocco and His BrothersLuchino Visconti
22%
89Love ExposureSion Sono
22%
178NapoleonAbel Gance
20%
147The FatherFlorian Zeller
20%
160The Wages of FearHenri-Georges Clouzot
20%
143Army of ShadowsJean-Pierre Melville
20%
204Your NameMakoto Shinkai
20%
239The DevilsKen Russell
19%
111Landscape in the MistTheo Angelopoulos
19%
63Eternity and a DayTheo Angelopoulos
19%
233Time of the GypsiesEmir Kusturica
18%
196UndergroundEmir Kusturica
18%
171To Be or Not to BeErnst Lubitsch
18%
244CoralineHenry Selick
18%
64Le TrouJacques Becker
18%
209The CrematorJuraj Herz
18%
222Paddington 2Paul King
18%
169Raise the Red LanternZhang Yimou
18%
188To LiveZhang Yimou
18%
126Marcel the Shell with Shoes OnDean Fleischer Camp
17%
248A Face in the CrowdElia Kazan
17%
68The Cranes Are FlyingMikhail Kalatozov
16%
73I Am CubaMikhail Kalatozov
16%
216Once Upon a Time in AnatoliaNuri Bilge Ceylan
15%
246RRRS.S. Rajamouli
15%
43Woman in the DunesHiroshi Teshigahara
14%
84The AscentLarisa Shepitko
14%
154The Young and the DamnedLuis Buñuel
14%
102Farewell My ConcubineChen Kaige
13%
97The Battle of AlgiersGillo Pontecorvo
13%
159Children of ParadiseMarcel Carné
13%
69It's Such a Beautiful DayDon Hertzfeldt
12%
120TampopoJuzo Itami
11%
157AkiraKatsuhiro Otomo
11%
241CocoLee Unkrich, Adrian Molina
11%
80War and PeaceSergey Bondarchuk
11%
101Puss in Boots: The Last WishJoel Crawford
10%
15Spider-Man: Into the SpiderversePeter Ramsey, Rodney Rothman, Bob Persichetti
10%
13Central StationWalter Salles
10%
175Mars OneGabriel Martins
9%
227Sweet Smell of SuccessAlexander Mackendrick
8%
121A Special DayEttore Scola
8%
156We All Loved Each Other So MuchEttore Scola
8%
3A Dog's WillGuel Arraes
8%
193The Lion KingRob Minkoff, Roger Allers
8%
206Il SorpassoDino Risi
7%
213Happy HourRyusuke Hamaguchi
7%
242All About Lily Chou-ChouShunji Iwai
7%
119Funeral Parade of RosesToshio Matsumoto
7%
219Make Way for TomorrowLeo McCarey
6%
197Manila in Claws of LightLino Brocka
6%
212Gangs of Wasseypur- Part 2Anurag Kashyap
5%
250Son of a White MareMarcell Jankovics
5%
181EurekaShinji Aoyama
5%
75The Given WordAnselmo Duarte
4%
61MacarioRoberto Gavaldón
4%
237The Shop on Main StreetJán Kadár, Elmar Klos
3%
109The Best of YouthMarco Tullio Giordana
3%
190GüerosAlonso Ruizpalacios
2%
229HopeLee Joon-ik
2%
81The Second MotherAnna Muylaert
1%
211Burning DaysEmin Alper
1%
194I Dream In Another LanguageErnesto Contreras
1%
131They Don't Wear Black TieLeon Hirszman
0%

Score Distribution

Percentile by Number Answered

Percent of People with Each Score

Your Score History

You have not taken this quiz since the last reset